Medieval Islam : a study in cultural orientation /

محفوظ في:

المؤلف الرئيسي: Grunebaum, Gustave E. von, 1909-1972 (مؤلف)

التنسيق: كتاب

اللغة: English

منشور في: Chicago : University of Chicago Press, [1947].

الطبعة: Second impression.

سلاسل: Oriental Institute essay.

الموضوعات:

الوسوم: إضافة وسم

لا توجد وسوم, كن أول من يضع وسما على هذه التسجيلة!

رقم الطلب: D199.3 .V64 1947

LEADER 00801nam a2200253I 4500
001 4966
003 OSt
005 20251202140810.0
008 130303s1947 ilub b 000 0 eng d
035 |a ocm00585177 
040 |c ARCE Library 
050 4 |a D199.3 .V64 1947 
100 1 |a Grunebaum, Gustave E. von,   |q (Gustave Edmund),   |d 1909-1972,   |e author 
245 1 0 |a Medieval Islam :  |b a study in cultural orientation /  |c Gustave E. von Grunebaum. 
250 |a Second impression. 
264 1 |a Chicago :  |b University of Chicago Press,  |c [1947]. 
300 |a vii, 365 pages :  |b maps (on lining papers) ;  |c 24 cm. 
490 0 |a Oriental Institute essay. 
504 |a Bibliographical footnotes. 
650 0 |a Islam. 
650 0 |a Islamic civilization. 
901 |a reviewed 
942 |c BK  |2 lcc 
999 |c 5357  |d 5357